000 00713 a2200253 4500
630 _a65 - Gestion et organisation de lindustrie, du commerce, de la communication et des transports
037 _b1, CCA
650 _a6 - SCIENCES APPLIQUEES
100 _aPiper, Thomas R.
700 _aGentile, Mary C.
700 _aParks, Sharon Daloz
260 _bNouveaux horizons
245 _aEnseigner l'éthique : le Havard Business School relève le défi
300 _a154 p.
650 _aGestion : Ethique : Enseignement
650 _aEthique : Enseignement
260 _c1993
300 _b24 cm
100 _lFr
037 _aDE 8918
700 _aVincent, Bernard
999 _c43073
_d43073